Album de soledades / (Record no. 109034)

MARC details
000 -LEADER
campo de control de longitud fija 00501nam a2200157 4500
001 - NÚMERO DE CONTROL
campo de control 109034
003 - IDENTIFICADOR DE NÚMERO DE CONTROL
campo de control ES-MaACL
007 - CAMPO FIJO DE DESCRIPCIÓN FÍSICA--INFORMACIÓN GENERAL
campo de control de longitud fija t|
008 - DATOS DE LONGITUD FIJA--INFORMACIÓN GENERAL
campo de control de longitud fija 061121s1985 fr r ||||1| spa d
100 1# - ENTRADA PRINCIPAL--NOMBRE DE PERSONA
Nombre de persona Miró, Adrián.
9 (RLIN) 81595
245 10 - MENCIÓN DEL TÍTULO
Título Album de soledades /
Mención de responsabilidad, etc. Adrián Miró; portada e ilustraciones de Ramón Castañer.
260 ## - PUBLICACIÓN, DISTRIBUCIÓN, ETC.
Lugar de publicación, distribución, etc. París :
Nombre del editor, distribuidor, etc. [s. n.],
Fecha de publicación, distribución, etc. 1985 (
Lugar de fabricación/manufactura Alcoy :
Fabricante Gráf. Ciudad)
300 ## - DESCRIPCIÓN FÍSICA
Extensión 72 p. :
Otras características físicas il. ;
Dimensiones 21 cm.
700 1# - ENTRADA AGREGADA--NOMBRE PERSONAL
Nombre de persona Castañer, Ramón.
9 (RLIN) 36416
852 ## - LOCALIZACIÓN
Ubicación ES-MaACL
Número de control de estantería L-8369
Sublocalización o colección R.108710
Holdings
Estatus retirado Estado de pérdida Estado de daño No para préstamo Biblioteca de origen Biblioteca actual Ubicación en estantería Fecha de adquisición Fuente de adquisición Total de préstamos Signatura topográfica completa Código de barras Visto por última vez Precio de reemplazo Tipo de ítem Koha
        Biblioteca del Ateneo de Madrid Biblioteca del Ateneo de Madrid Depósito 2 17/01/2008     L-8369 1113769 23/02/2023 23/02/2023 Libro impreso